[Event "European Blitz 2017"]
[Site "Katowice POL"]
[Date "2017.12.15"]
[Round "22.33"]
[White "Zelbel, Patrick"]
[Black "Costachi, Mihnea"]
[Result "1-0"]
[WhiteTitle "IM"]
[BlackTitle "IM"]
[WhiteElo "2456"]
[BlackElo "2441"]
[WhiteFideId "24624322"]
[BlackFideId "1217518"]
[EventDate "2017.12.15"]
[EventType "blitz"]

1. e4 e5 2. f4 Bc5 3. Nf3 d6 4. Nc3 Nf6 5. Bc4 Nc6 6. d3 Bg4 7. Na4 O-O 8. Nxc5
dxc5 9. O-O exf4 10. Bxf4 Nh5 11. Be3 Ne5 12. Nxe5 Bxd1 13. Nxf7 Rxf7 14. Rxf7
Kh8 15. Rxd1 Qd6 16. Rdf1 h6 17. R1f5 Qg6 18. Rf8+ Kh7 19. Bg8+ Kh8 20. Rxa8 Qg4
21. Be6+ Kh7 22. Rh8+ Kxh8 23. Rf8+ 1-0

[Event "European Blitz 2017"]
[Site "Katowice POL"]
[Date "2017.12.15"]
[Round "22.34"]
[White "Schulz, Karsten"]
[Black "Olszewski, Michal"]
[Result "1-0"]
[WhiteTitle "FM"]
[BlackTitle "GM"]
[WhiteElo "2293"]
[BlackElo "2540"]
[WhiteFideId "4611446"]
[BlackFideId "1121251"]
[EventDate "2017.12.15"]
[EventType "blitz"]

1. Nf3 Nf6 2. g3 g6 3. b3 Bg7 4. Bb2 d6 5. d4 c5 6. Bg2 cxd4 7. Nxd4 O-O 8. O-O
Qa5 9. c4 Nc6 10. Nc3 Qh5 11. e3 Bg4 12. f3 Bd7 13. Qd2 a6 14. Rad1 Nxd4 15.
exd4 b5 16. g4 Qh4 17. c5 Bh6 18. Qf2 Qxf2+ 19. Kxf2 b4 20. Ne2 Rac8 21. h4 Bg7
22. Ba1 Bb5 23. cxd6 Rc2 24. Rfe1 exd6 25. Bf1 Rxa2 26. d5 Re8 27. Bd4 Nxg4+ 28.
fxg4 Re4 29. Bxg7 Kxg7 30. Kf3 Re5 31. Nf4 Bxf1 32. Rxf1 Rb2 33. Rd3 h6 34. Ra1
g5 35. hxg5 hxg5 36. Nh5+ Kf8 37. Ng3 Rh2 38. Rxa6 Ke7 39. Ra7+ Kf6 40. Ne4+ Kg6
41. Ng3 Re1 42. Ra6 f6 43. Rxd6 Rg1 44. Re6 Rh4 45. d6 1-0

[Event "European Blitz 2017"]
[Site "Katowice POL"]
[Date "2017.12.15"]
[Round "22.35"]
[White "Horton, Andrew P"]
[Black "Fedorchuk, Sergey A."]
[Result "1-0"]
[WhiteTitle "FM"]
[BlackTitle "GM"]
[WhiteElo "2397"]
[BlackElo "2648"]
[WhiteFideId "424269"]
[BlackFideId "14102536"]
[EventDate "2017.12.15"]
[EventType "blitz"]

1. Nf3 Nf6 2. c4 e6 3. g3 a6 4. b3 b5 5. Bg2 Bb7 6. Nc3 b4 7. Na4 d6 8. O-O Nbd7
9. Bb2 Be7 10. d4 O-O 11. Re1 a5 12. Rc1 Qc8 13. Bh3 Qb8 14. d5 e5 15. Nh4 g6
16. e4 Bc8 17. Bg2 Re8 18. h3 Bf8 19. Nf3 Nb6 20. c5 Nxa4 21. bxa4 Nd7 22. c6
Nb6 23. a3 Ba6 24. Nd2 Bh6 25. axb4 axb4 26. a5 Na4 27. Ba1 Nc5 28. Rb1 Bd3 29.
Rb2 Rxa5 30. Nb3 Nxb3 31. Qxb3 Qa7 32. Qxd3 Rxa1 33. Reb1 Rxb1+ 34. Rxb1 Rb8 35.
Bf1 Qa5 36. Rb3 Rb6 37. Kg2 Qc5 38. Qc4 Qa5 39. Qc2 Qa4 40. Bd3 Qa1 41. Qc4 Qe1
42. Qc2 Bd2 43. Rb1 b3 44. Rxb3 Rxb3 45. Qxb3 Ba5 46. Qb1 Qd2 47. Qc2 Qb4 48.
Qc4 Qe1 49. Qc2 Bb6 50. Qe2 Qc1 51. Bc4 Qc3 52. Bd3 Qc1 53. Ba6 Kg7 54. h4 h5
55. Bd3 Qc3 56. Ba6 Bd4 57. Bb5 Qc5 58. Ba6 Qb6 59. Bd3 Qc5 60. Ba6 Bc3 61. Bd3
Bd4 62. Ba6 Kf6 63. Bd3 Qc3 64. Ba6 Kg7 65. Bb5 Kh6 66. Ba6 f6 67. Bb5 Qb3 68.
Bc4 Qb4 69. Ba6 Kg7 70. Bd3 Qc5 71. Ba6 f5 72. Bd3 f4 73. g4 hxg4 74. Qxg4 Qc3
75. Qd7+ Kh6 76. Qd8 f3+ 77. Kh3 g5 78. Qxg5+ Kh7 79. Qe7+ Kh6 80. Qf6+ Kh7 81.
Qxf3 Qe1 82. Kg4 Bxf2 83. Kf5 Bxh4 84. Qh5+ Kg7 85. Qg6+ Kh8 86. Ke6 Qe3 87.
Qh5+ Kg7 88. Qxh4 Qxd3 89. Kd7 Qa6 90. Qe7+ Kg6 91. Kxc7 Qa7+ 92. Kxd6 Qa3+ 93.
Kd7 Qa4 94. Qxe5 Qa7+ 95. c7 Qa4+ 96. Kd8 Qa5 97. Qe6+ Kg5 98. d6 Kh4 99. d7 Kg3
100. Qd6+ Kf3 101. Qf6+ Ke3 102. Ke8 Qh5+ 103. Qf7 Qe5+ 104. Kd8 Qa5 105. Qd5
Qb6 106. e5 Kf4 107. e6 1-0

[Event "European Blitz 2017"]
[Site "Katowice POL"]
[Date "2017.12.15"]
[Round "22.36"]
[White "Tokranovs, Dmitrijs"]
[Black "Stupak, Kirill"]
[Result "0-1"]
[WhiteTitle "FM"]
[BlackTitle "GM"]
[WhiteElo "2348"]
[BlackElo "2588"]
[WhiteFideId "11603011"]
[BlackFideId "13503758"]
[EventDate "2017.12.15"]
[EventType "blitz"]

1. e4 c6 2. d4 d5 3. exd5 cxd5 4. c4 Nf6 5. Nc3 Nc6 6. Nf3 g6 7. cxd5 Nxd5 8.
Bc4 Nb6 9. Bb3 Bg7 10. Be3 O-O 11. h3 Na5 12. O-O Nxb3 13. Qxb3 Be6 14. Qc2 Rc8
15. Rfd1 Nc4 16. d5 Bf5 17. Qb3 Nxb2 18. Qxb2 Bxc3 19. Qxb7 Bxa1 20. Rxa1 Qd7
21. Qb4 Rb8 22. Qh4 f6 23. Rd1 Rb1 24. Rxb1 Bxb1 25. Qc4 Rc8 26. Qb3 Be4 27. d6+
e6 28. Nd4 Qxd6 29. Qxe6+ Qxe6 30. Nxe6 a5 31. a3 Rc2 32. Nc5 Bd5 33. Nd7 Kf7
34. Bd4 Bxg2 35. Nxf6 Bxh3 36. Nxh7 Bf5 37. Ng5+ Ke7 38. Kg2 Kd6 39. Kg3 Kd5 40.
Bg7 Ra2 41. Bf8 Kc4 42. Nf3 Re2 43. Nh4 Re8 44. Bd6 Kd5 45. Bc7 a4 46. Kf4 Re4+ 0-1

[Event "European Blitz 2017"]
[Site "Katowice POL"]
[Date "2017.12.15"]
[Round "22.37"]
[White "Schneider, Ilja"]
[Black "Kukula, Pawel"]
[Result "1-0"]
[WhiteTitle "IM"]
[WhiteElo "2517"]
[BlackElo "2181"]
[WhiteFideId "4663306"]
[BlackFideId "1115081"]
[EventDate "2017.12.15"]
[EventType "blitz"]

1. d4 f5 2. g3 Nf6 3. Bg2 e6 4. Nf3 d6 5. O-O Be7 6. c4 O-O 7. Nc3 Ne4 8. Qc2
Nxc3 9. Qxc3 a5 10. Qc2 Nc6 11. e4 e5 12. dxe5 dxe5 13. Bd2 Qe8 14. Bc3 Bd8 15.
exf5 Bxf5 16. Qe2 Bf6 17. Rfe1 Nd4 18. Bxd4 exd4 19. Qd2 Qg6 20. Nxd4 Rfd8 21.
Bd5+ Kh8 22. Nxf5 Qxf5 23. Qe2 c6 24. Be4 Qc5 25. Rad1 Re8 26. Qc2 Qh5 27. Kg2
Rad8 28. Rxd8 Rxd8 29. Bf3 Qc5 30. b3 a4 31. Rd1 Re8 32. bxa4 h6 33. h4 Rf8 34.
Rd2 Bd4 35. Qe4 Bf6 36. Qg6 Qxc4 37. Be4 Qg8 38. Rd7 c5 39. Rxb7 Bd4 40. f4
Qxa2+ 41. Kh3 Qg8 42. a5 c4 43. a6 Ra8 44. Qd6 Bf2 45. Bd5 Qc8+ 46. Be6 Qe8 47.
Bxc4 Qe3 48. Qg6 Qc3 49. a7 Bxa7 50. Rxa7 Rxa7 51. Qe8+ Kh7 52. Bg8+ Kh8 53.
Bf7+ Kh7 54. Qg8# 1-0

[Event "European Blitz 2017"]
[Site "Katowice POL"]
[Date "2017.12.15"]
[Round "22.38"]
[White "Saric, Ante"]
[Black "Putka, Verners"]
[Result "1-0"]
[WhiteTitle "GM"]
[WhiteElo "2540"]
[BlackElo "2307"]
[WhiteFideId "14506254"]
[BlackFideId "11600659"]
[EventDate "2017.12.15"]
[EventType "blitz"]

1. Nf3 Nf6 2. g3 b6 3. Bg2 Bb7 4. O-O c5 5. c4 e6 6. b3 Be7 7. Bb2 O-O 8. Nc3 d6
9. d3 a6 10. e3 Nbd7 11. Qe2 Qc7 12. Ne1 Rab8 13. f4 b5 14. g4 Ne8 15. g5 Bxg2
16. Nxg2 b4 17. Ne4 d5 18. Nd2 Nd6 19. Nf3 a5 20. e4 d4 21. Ngh4 Rfe8 22. Rae1
a4 23. Qg2 Ra8 24. Bc1 axb3 25. axb3 Bf8 26. f5 exf5 27. exf5 Rxe1 28. Rxe1 Ra1
29. g6 Nf6 30. Qe2 Qc8 31. gxf7+ Nxf7 32. Bg5 Rxe1+ 33. Qxe1 Ng4 34. Qe4 h5 35.
h3 Nxg5 36. Nxg5 Nf6 37. Qe5 Qa8 38. Qe6+ 1-0

[Event "European Blitz 2017"]
[Site "Katowice POL"]
[Date "2017.12.15"]
[Round "22.39"]
[White "Zwardon, Vojtech"]
[Black "Dobrowolski, Piotr"]
[Result "1-0"]
[WhiteTitle "IM"]
[BlackTitle "IM"]
[WhiteElo "2408"]
[BlackElo "2421"]
[WhiteFideId "325511"]
[BlackFideId "1106236"]
[EventDate "2017.12.15"]
[EventType "blitz"]

1. c4 b6 2. Nf3 Bb7 3. g3 Bxf3 4. exf3 c5 5. d4 cxd4 6. Qxd4 Nc6 7. Qd1 Rc8 8.
Nc3 g6 9. b3 Bg7 10. Bb2 Nh6 11. Bd3 O-O 12. Qd2 Ne5 13. Be2 Nf5 14. f4 Nc6 15.
O-O Ncd4 16. Bd1 e6 17. Na4 h5 18. Rc1 Qc7 19. Re1 Qb7 20. Qd3 d5 21. c5 b5 22.
c6 Rxc6 23. Nc5 Qc8 24. b4 Nf3+ 25. Bxf3 Bxb2 26. Rb1 Bg7 27. Qxb5 h4 28. Qd3
hxg3 29. hxg3 Bd4 30. g4 Nh4 31. Bh1 Bxc5 32. bxc5 Rxc5 33. Qg3 g5 34. fxg5 Ng6
35. Qa3 Rc4 36. Bf3 e5 37. Rb3 Rf4 38. Bxd5 Rxg4+ 39. Rg3 Rxg3+ 40. Qxg3 Qc5 41.
Be4 Rd8 42. Bxg6 fxg6 43. Qxe5 Qxe5 44. Rxe5 Rd6 45. Ra5 a6 46. Kg2 Kf7 47. Kg3
Rc6 48. f4 Rc3+ 49. Kg4 Rc6 50. a4 Rb6 51. Rc5 Rd6 52. Rc7+ Kf8 53. Ra7 Rc6 54.
Kf3 Rc3+ 55. Kg4 Rc6 56. a5 Rd6 57. Kf3 Re6 58. Rb7 Re1 59. Rb6 Rf1+ 60. Kg3
Rg1+ 61. Kf2 Ra1 62. Rxa6 Kf7 63. Rf6+ Kg7 64. a6 Ra3 65. Ke2 Kh7 66. Kd2 Kg7
67. Kc2 Kh7 68. Kb2 Ra5 69. Kb3 Ra1 70. Kb4 Kg7 71. Kb5 Rb1+ 72. Kc6 Ra1 73. Kb7 1-0

[Event "European Blitz 2017"]
[Site "Katowice POL"]
[Date "2017.12.15"]
[Round "22.40"]
[White "Chigaev, Maksim"]
[Black "Janaszak, Dawid"]
[Result "1-0"]
[WhiteTitle "GM"]
[BlackTitle "FM"]
[WhiteElo "2555"]
[BlackElo "2372"]
[WhiteFideId "4108116"]
[BlackFideId "1119206"]
[EventDate "2017.12.15"]
[EventType "blitz"]

1. d4 Nf6 2. c4 g6 3. Nc3 d5 4. Bg5 Bg7 5. Bxf6 Bxf6 6. cxd5 c5 7. Nf3 cxd4 8.
Nxd4 Qb6 9. e3 O-O 10. Nb3 Rd8 11. Be2 e6 12. Rc1 Na6 13. O-O Bxc3 14. Rxc3 Rxd5
15. Qc1 Bd7 16. a3 Rd8 17. Bf3 Rd6 18. e4 e5 19. h4 Bc6 20. h5 R8d7 21. h6 Qd8
22. Qe3 g5 23. Bg4 Rc7 24. Qxa7 Rxh6 25. Rd1 Rd6 26. Rxd6 Qxd6 27. Qe3 h6 28.
Na5 Qd4 29. Qxd4 exd4 30. Rc4 Bxe4 31. Rxd4 f5 32. Bd1 Kg7 33. b4 b6 34. Nc4 b5
35. Nd6 Bc6 36. Nxf5+ Kf6 37. Nxh6 Ke5 38. Rd2 Bd7 39. Nf7+ Kf6 40. Nd6 Rc1 41.
Kh2 Nc7 42. Ne4+ Ke7 43. Nxg5 Ne8 44. Bf3 Nd6 45. Ne4 Nc4 46. Re2 Kd8 47. Nc5
Be8 48. Nb7+ Kd7 49. Bg4+ Kc7 50. Re7+ Kb6 51. Rxe8 Kxb7 52. Re7+ Kb6 53. Bf3
Nxa3 54. Rb7+ Ka6 55. Re7 Rb1 56. Re6+ Ka7 57. Re4 Nc4 58. g4 Rxb4 59. g5 Rb2
60. Kg2 Nd6 61. Rd4 Nf5 62. Rf4 Nd6 63. g6 Rc2 64. g7 Rc8 65. Rf8 1-0

[Event "European Blitz 2017"]
[Site "Katowice POL"]
[Date "2017.12.15"]
[Round "22.41"]
[White "Stojcevski, Zoran"]
[Black "Mohr, Georg"]
[Result "1-0"]
[WhiteTitle "FM"]
[BlackTitle "GM"]
[WhiteElo "2337"]
[BlackElo "2473"]
[WhiteFideId "15000192"]
[BlackFideId "14600013"]
[EventDate "2017.12.15"]
[EventType "blitz"]

1. e4 Nc6 2. Nc3 d6 3. Bc4 Nf6 4. d3 Na5 5. Bb3 Nxb3 6. axb3 g6 7. f4 Bg7 8. Nf3
O-O 9. O-O Bg4 10. Qe1 Bxf3 11. Rxf3 Nd7 12. f5 e6 13. Qg3 a6 14. Bg5 Bf6 15.
Bh6 Bg7 16. Bxg7 Kxg7 17. Raf1 Nf6 18. Qh3 e5 19. g4 h6 20. Qg2 Qe7 21. h4 g5
22. hxg5 hxg5 23. Qd2 Rg8 24. Rg3 Kf8 25. Kg2 Ke8 26. Rh1 Kd7 27. Rh6 c6 28. Kf3
Kc7 29. Rgh3 Nd7 30. Ne2 b6 31. b4 Kb7 32. c4 a5 33. R3h5 axb4 34. Qxb4 f6 35.
Rh7 Rg7 36. Rxg7 Qxg7 37. Qxd6 Nc5 38. d4 exd4 39. Nxd4 Qd7 40. Qxd7+ Nxd7 41.
Rh7 Kc7 42. Ke3 Kd6 43. Nf3 Ra2 44. Rh6 Ke7 45. e5 fxe5 46. Rxc6 Rxb2 47. Nxg5
Rb3+ 48. Ke2 Nc5 49. f6+ Kd7 50. f7 Rb2+ 51. Ke3 Rb3+ 52. Ke2 Rb2+ 53. Ke3 Rb3+
54. Ke2 Rb2+ 55. Kf1 Rb1+ 56. Kg2 Rb2+ 57. Kg3 Ke7 58. Rc7+ Kd6 59. Rxc5 Rb3+
60. Kh4 Kxc5 61. f8=Q+ Kxc4 62. Qd6 e4 63. Nxe4 b5 64. Qc5+ Kd3 65. Qd5+ Kc2 66.
Nc5 Rc3 67. Qg2+ Kc1 68. Ne4 Rc2 69. Qf1+ Kb2 70. Qxb5+ Kc1 71. Qd3 Rh2+ 72. Kg5
Rb2 73. Qc3+ 1-0

[Event "European Blitz 2017"]
[Site "Katowice POL"]
[Date "2017.12.15"]
[Round "22.42"]
[White "Kovalev, Vladislav"]
[Black "Wiewiora, Eneasz"]
[Result "0-1"]
[WhiteTitle "GM"]
[BlackTitle "FM"]
[WhiteElo "2639"]
[BlackElo "2320"]
[WhiteFideId "13504398"]
[BlackFideId "1140396"]
[EventDate "2017.12.15"]
[EventType "blitz"]

1. d4 d6 2. e4 Nf6 3. Nc3 e5 4. Nf3 Nbd7 5. Bc4 Be7 6. O-O O-O 7. a4 c6 8. Re1
b6 9. h3 Bb7 10. Bb3 Qc7 11. Be3 a6 12. Nh4 g6 13. Qf3 exd4 14. Bxd4 Ne5 15. Qe2
c5 16. Bxe5 dxe5 17. Nf3 Kg7 18. Bc4 Rfd8 19. Ng5 Rf8 20. Bxf7 Qb8 21. Bc4 Kh8
22. Rad1 Nh5 23. Ne6 Nf4 24. Nxf4 exf4 25. Qg4 f3 26. g3 Qe5 27. Qd7 Rab8 28.
Qe6 Bf6 29. Qxe5 Bxe5 30. Kh2 Bd4 31. Rd2 Rbe8 32. Bd3 Be5 33. Nd1 Rd8 34. Ne3
b5 35. axb5 axb5 36. Rdd1 c4 37. Bf1 Bxb2 38. Rb1 Bc3 39. Red1 Bc6 40. Nd5 Be5
41. c3 Kg7 42. Rdc1 Rf7 43. Ra1 Bxd5 44. exd5 Rxd5 45. Ra2 Rfd7 46. Rb2 Rd2 47.
Rcc2 Rxc2 48. Rxc2 Rd1 49. Kg1 Rb1 50. h4 Kf6 51. Ra2 Bxc3 52. Ra7 h5 53. Ra6+
Kf5 54. Rc6 Bd4 55. Rd6 Be5 56. Rc6 c3 57. Rc5 b4 58. g4+ hxg4 59. h5 gxh5 60.
Rb5 Kf4 61. Rc5 Bd4 62. Rc4 Ke5 63. Rc6 g3 0-1

[Event "European Blitz 2017"]
[Site "Katowice POL"]
[Date "2017.12.15"]
[Round "22.43"]
[White "Krzyzanowski, Marcin"]
[Black "Tregubov, Pavel V."]
[Result "0-1"]
[WhiteTitle "IM"]
[BlackTitle "GM"]
[WhiteElo "2457"]
[BlackElo "2575"]
[WhiteFideId "1132199"]
[BlackFideId "4115341"]
[EventDate "2017.12.15"]
[EventType "swiss"]

1. e4 c5 2. Nf3 e6 3. b3 Nc6 4. Bb2 a6 5. d4 cxd4 6. Nxd4 Qf6 7. c3 Qg6 8. Nd2
Nf6 9. Qf3 d5 10. Nxc6 dxe4 11. Qe3 bxc6 12. h4 h5 13. O-O-O Be7 14. Be2 c5 15.
c4 Bb7 16. Rh3 Ng4 17. Bxg4 hxg4 18. Rhh1 Rd8 19. g3 Rd3 20. Qe2 Bf6 21. Nb1 O-O
22. h5 Qg5+ 23. Kc2 Rfd8 24. h6 Bxb2 25. Kxb2 gxh6 26. Kc2 h5 27. Nc3 Qf5 28.
Kb2 e3 29. Rxd3 Rxd3 30. Rf1 Rd2+ 0-1

[Event "European Blitz 2017"]
[Site "Katowice POL"]
[Date "2017.12.15"]
[Round "22.44"]
[White "Feuerstack, Aljoscha"]
[Black "Chernyak, Viktoria"]
[Result "1-0"]
[WhiteTitle "IM"]
[BlackTitle "WFM"]
[WhiteElo "2438"]
[BlackElo "2196"]
[WhiteFideId "4681932"]
[BlackFideId "24165956"]
[EventDate "2017.12.15"]
[EventType "blitz"]

1. e4 c5 2. c3 d5 3. exd5 Qxd5 4. d4 Nf6 5. Nf3 Bg4 6. dxc5 Qxc5 7. h3 Bh5 8.
Be3 Qc7 9. Na3 Nc6 10. Nb5 Qd7 11. g4 Bg6 12. Qa4 e6 13. Rd1 Qc8 14. Nxa7 Qc7
15. Nb5 Qc8 16. Qxa8 1-0

[Event "European Blitz 2017"]
[Site "Katowice POL"]
[Date "2017.12.15"]
[Round "22.45"]
[White "Brazdzionis, Andrius"]
[Black "Berchtenbreiter, Maximilian"]
[Result "1-0"]
[BlackTitle "IM"]
[WhiteElo "2293"]
[BlackElo "2387"]
[WhiteFideId "12804479"]
[BlackFideId "24641120"]
[EventDate "2017.12.15"]
[EventType "blitz"]

1. d4 Nf6 2. Nf3 e6 3. c4 c5 4. d5 a6 5. a4 exd5 6. cxd5 Bd6 7. Nc3 O-O 8. g3
Qe7 9. Bg2 Bc7 10. O-O d6 11. Bg5 Nbd7 12. Qc2 h6 13. Bf4 Re8 14. a5 Qd8 15.
Rfd1 Nh5 16. Bd2 Bxa5 17. Ne4 Bc7 18. Bc3 Nhf6 19. Nxf6+ Nxf6 20. b4 Ne4 21.
bxc5 Nxc5 22. Bb2 Bb6 23. e3 Bg4 24. Qc3 f6 25. h3 Ne4 26. Qb4 Bh5 27. g4 Bf7
28. Nd4 Bxd5 29. Nf5 Bc6 30. f3 Nc5 31. Rxd6 Qc7 32. Rc1 Rad8 33. Rxd8 Rxd8 34.
Rxc5 Rd1+ 35. Bf1 Bxc5 36. Qb3+ Rd5 37. Bc4 Qd7 38. Bd4 Kh8 39. Bxd5 Bxd5 40.
Qc3 Bf8 41. e4 Be6 42. Ne3 b5 43. f4 b4 44. Qb2 a5 45. f5 Bf7 46. e5 fxe5 47.
Bxe5 Bc5 48. Bxg7+ Kg8 49. Bxh6 Qd4 50. Qg2 Bd5 51. Qg3 Kh7 52. Bg5 Qd1+ 53. Kf2
Qd2+ 54. Kf1 Qc1+ 55. Kf2 Bf7 56. Qh4+ Kg8 57. Qg3 b3 58. Qb8+ Kh7 59. Qb7 Qc4
60. Kf3 Bxe3 61. Kxe3 a4 62. Be7 Qc3+ 63. Ke4 b2 64. Ba3 Qc4+ 1-0

[Event "European Blitz 2017"]
[Site "Katowice POL"]
[Date "2017.12.15"]
[Round "22.46"]
[White "Mazurkiewicz, Michal"]
[Black "Kourousis, Epaminondas"]
[Result "0-1"]
[BlackTitle "IM"]
[WhiteElo "2215"]
[BlackElo "2393"]
[WhiteFideId "1124943"]
[BlackFideId "4211626"]
[EventDate "2017.12.15"]
[EventType "blitz"]

1. e4 c6 2. Nf3 d5 3. Nc3 dxe4 4. Nxe4 Nf6 5. Nxf6+ exf6 6. d4 Bd6 7. Be2 O-O 8.
Be3 Re8 9. Qd2 Nd7 10. O-O-O Nf8 11. Kb1 a5 12. d5 c5 13. Qc3 Bd7 14. g4 b5 15.
g5 b4 16. Qd2 f5 17. Bc4 Qc7 18. Qd3 f4 19. Bc1 Qc8 20. Nh4 Ng6 21. Nxg6 hxg6
22. h4 Bf5 23. Qf1 a4 24. h5 b3 25. axb3 axb3 26. Bxb3 Qb7 27. hxg6 Qxb3 0-1

[Event "European Blitz 2017"]
[Site "Katowice POL"]
[Date "2017.12.15"]
[Round "22.47"]
[White "Mikrut, Dariusz"]
[Black "Gazik, Viktor"]
[Result "1-0"]
[WhiteTitle "IM"]
[BlackTitle "IM"]
[WhiteElo "2375"]
[BlackElo "2479"]
[WhiteFideId "1112791"]
[BlackFideId "14928752"]
[EventDate "2017.12.15"]
[EventType "blitz"]

1. d4 f5 2. g3 Nf6 3. Bg2 g6 4. c3 Bg7 5. Qb3 Nc6 6. Nd2 d5 7. h4 O-O 8. Ndf3 a5
9. a4 b6 10. Nh3 Ba6 11. Nf4 Qd6 12. h5 Bc4 13. Qc2 Ne4 14. hxg6 hxg6 15. Nd3 e6
16. Bf4 Qd7 17. Nde5 Ne7 18. Nxc4 dxc4 19. Ng5 Nxg5 20. Bxg5 Rac8 21. O-O c6 22.
e4 Rce8 23. Rfe1 fxe4 24. Qe2 Qd6 25. Bxe7 Rxe7 26. Bxe4 e5 27. Qxc4+ Kh8 28.
Kg2 Bh6 29. Qxc6 Ref7 30. f3 exd4 31. cxd4 Bg7 32. Rh1+ 1-0

[Event "European Blitz 2017"]
[Site "Katowice POL"]
[Date "2017.12.15"]
[Round "22.48"]
[White "Kowalczyk, Rafal"]
[Black "Polivanov, Anatoliy"]
[Result "1-0"]
[BlackTitle "IM"]
[WhiteElo "2223"]
[BlackElo "2383"]
[WhiteFideId "1133853"]
[BlackFideId "14109468"]
[EventDate "2017.12.15"]
[EventType "blitz"]

1. e4 c5 2. c3 e6 3. d4 cxd4 4. cxd4 d5 5. e5 Nc6 6. Nf3 Nge7 7. a3 Nf5 8. b4
Bd7 9. Be3 b5 10. Nc3 a5 11. Nxb5 axb4 12. a4 Nxe3 13. fxe3 b3 14. Qxb3 Bb4+ 15.
Kf2 O-O 16. Bd3 f6 17. exf6 Rxf6 18. Rhc1 Qa5 19. Kg1 Raf8 20. Rc2 Be7 21. Rac1
Qb6 22. Re2 Be8 23. Ng5 Rh6 24. Nh3 Bh5 25. Rf2 Rhf6 26. Rxf6 Bxf6 27. Bxh7+
Kxh7 28. Qc2+ Bg6 29. Qxc6 Qa5 30. Nf4 Qd2 31. Qc3 Qxc3 32. Rxc3 Ra8 33. Ra3 Be7
34. Ra1 Bc2 35. a5 Bg5 36. Nc7 Bxf4 37. Nxa8 Bxe3+ 38. Kf1 Bxd4 39. Rc1 Bd3+ 40.
Ke1 e5 41. Nc7 Bb2 42. Rc5 Ba3 43. Rxd5 Be4 44. Rxe5 Bxg2 45. Re2 Bf3 46. Re3
Bb4+ 47. Kf1 Bc6 48. a6 Bd6 49. Re6 Bxc7 50. Rxc6 Bb8 51. Rb6 1-0

[Event "European Blitz 2017"]
[Site "Katowice POL"]
[Date "2017.12.15"]
[Round "22.49"]
[White "Saraci, Nderim"]
[Black "Lewicki, Miroslaw"]
[Result "1-0"]
[WhiteTitle "FM"]
[BlackTitle "CM"]
[WhiteElo "2398"]
[BlackElo "2404"]
[WhiteFideId "6351921"]
[BlackFideId "1113380"]
[EventDate "2017.12.15"]
[EventType "blitz"]

1. d4 Nf6 2. Bf4 e6 3. e3 c5 4. c3 Nc6 5. h3 d5 6. Nd2 cxd4 7. cxd4 Bb4 8. Bd3
O-O 9. Nf3 Bd7 10. a3 Ba5 11. O-O Bc7 12. Ne5 h6 13. Rc1 Rc8 14. Qf3 Ne7 15.
Bxh6 Bxe5 16. dxe5 Rxc1 17. Rxc1 Ne4 18. Nxe4 dxe4 19. Qxe4 Nf5 20. Bf4 Bc6 21.
Rxc6 bxc6 22. g4 g6 23. gxf5 gxf5 24. Qd4 Qh4 25. Bf1 Kh7 26. Bg3 Qh6 27. Qf4
Rd8 28. Qxh6+ Kxh6 29. Bg2 c5 30. Bh4 Rd2 31. Be7 c4 32. Bf1 Rc2 33. Bb4 Rxb2
34. Bxc4 Kg5 35. Bf1 f4 36. Be7+ Kf5 37. exf4 Kxf4 38. Bd6 Kf3 39. Bg2+ Kf4 40.
Bc7 Rb1+ 41. Bf1 Kf3 42. Bd6 Ra1 43. Bc5 a5 44. Be7 a4 45. h4 Kg4 46. Kg2 Ra2
47. Bb5 Kf5 48. Bd6 Kg4 49. Bxa4 Kxh4 50. Be8 Kg4 51. Bxf7 Kf5 52. Be8 Rb2 53.
a4 Rc2 54. a5 Rc8 55. Bb5 Kf4 56. a6 Rg8+ 57. Kf1 Ke4 58. Bc6+ Kd3 59. a7 1-0

[Event "European Blitz 2017"]
[Site "Katowice POL"]
[Date "2017.12.15"]
[Round "22.50"]
[White "Mis, Mieszko"]
[Black "Krause, Jonah"]
[Result "0-1"]
[BlackTitle "FM"]
[WhiteElo "2240"]
[BlackElo "2368"]
[WhiteFideId "1196448"]
[BlackFideId "12907910"]
[EventDate "2017.12.15"]
[EventType "blitz"]

1. d4 Nf6 2. Nf3 g6 3. Nbd2 Bg7 4. e4 d5 5. Bd3 dxe4 6. Nxe4 Nxe4 7. Bxe4 c5 8.
dxc5 Qa5+ 9. c3 Qxc5 10. Qe2 O-O 11. O-O Qc7 12. Bg5 Re8 13. Rfe1 Nd7 14. Rad1
Nc5 15. Bc2 b6 16. Bh4 Bb7 17. Bg3 Qc6 18. Qf1 Ba6 19. c4 Bxb2 20. Ne5 Bxe5 21.
Bxe5 Rad8 22. Qe2 Bb7 23. f3 Ne6 24. Bb2 Qc5+ 25. Kh1 Rxd1 26. Rxd1 Rd8 27.
Rxd8+ Nxd8 28. Qd3 Ne6 29. h3 Qd6 30. Qc3 f6 31. Bb3 Nc5 32. Bc2 Kg7 33. a4 a5
34. Qe3 Qe6 35. Qf4 Qd6 36. Qe3 Bc6 37. Ba3 e5 38. h4 Qd4 39. Qe2 Qxh4+ 40. Kg1
Qd4+ 41. Kh1 Ne6 42. Bb3 Nf4 43. Qc2 Nd3 44. c5 Nxc5 45. Bb2 Qh4+ 46. Kg1 Qb4
47. Ba2 Qxa4 48. Qb1 Qb4 49. Qc1 Be8 50. Ba3 Qd4+ 51. Kh1 Qh4+ 52. Kg1 Qd4+ 53.
Kh1 Bf7 54. Bb1 Nd3 55. Qc7 Nb4 56. Be4 Qa1+ 57. Bc1 Na2 58. Bd5 Qxc1+ 0-1

[Event "European Blitz 2017"]
[Site "Katowice POL"]
[Date "2017.12.15"]
[Round "22.51"]
[White "Berzina, Ilze"]
[Black "Dragnev, Valentin"]
[Result "1-0"]
[WhiteTitle "WGM"]
[BlackTitle "IM"]
[WhiteElo "2211"]
[BlackElo "2458"]
[WhiteFideId "11601345"]
[BlackFideId "1634852"]
[EventDate "2017.12.15"]
[EventType "swiss"]

1. e4 c6 2. c4 d5 3. cxd5 cxd5 4. exd5 Nf6 5. Nc3 Nxd5 6. Nf3 Nc6 7. Bb5 g6 8.
Qb3 Nc7 9. Bc4 e6 10. d4 Be7 11. Bh6 Bf8 12. Bf4 Bg7 13. Rd1 O-O 14. Qc2 Nd5 15.
Bg5 Qa5 16. O-O Bd7 17. Qd2 Rac8 18. Bh6 Nxc3 19. bxc3 Qh5 20. Bxg7 Kxg7 21. Be2
Qh6 22. Qb2 Na5 23. Ne5 Ba4 24. Rc1 b6 25. c4 f6 26. Nf3 Bc6 27. d5 exd5 28. Nd4
Bd7 29. cxd5 Nb7 30. Nc6 Nc5 31. Nxa7 Rb8 32. Nc6 Rbe8 33. Bc4 Qg5 34. Qxb6 Bh3
35. Qc7+ Rf7 36. Qg3 Qxg3 37. hxg3 Bf5 38. Rfe1 Rc8 39. Ne7 Rd8 40. d6 Rff8 41.
Rcd1 Bd7 42. Nd5 Rf7 43. Nb6 Bg4 44. Bxf7 Be6 1-0

[Event "European Blitz 2017"]
[Site "Katowice POL"]
[Date "2017.12.15"]
[Round "22.52"]
[White "Widla, Piotr"]
[Black "Lubczynski, Rafal"]
[Result "0-1"]
[BlackTitle "IM"]
[WhiteElo "2046"]
[BlackElo "2429"]
[WhiteFideId "1132164"]
[BlackFideId "1126091"]
[EventDate "2017.12.15"]
[EventType "blitz"]

1. e4 d6 2. Nc3 Nf6 3. g3 c6 4. Bg2 b5 5. a3 e5 6. d3 Be7 7. Be3 O-O 8. h3 a5 9.
Nge2 Bb7 10. O-O Nbd7 11. d4 b4 12. Na4 Qc7 13. axb4 axb4 14. b3 c5 15. d5 c4
16. f4 c3 17. Kh2 Ba6 18. Rf2 Bb5 19. g4 exf4 20. Bxf4 Ne5 21. Nd4 Bxa4 22. bxa4
Nfd7 23. Nf5 Bd8 24. Qb1 Qb6 25. Be3 Nc5 26. a5 Rxa5 27. Rxa5 Qxa5 28. Nxd6 Bc7
29. Nf5 Nxg4+ 30. Kg1 Nxf2 31. Bxf2 Be5 32. Qd1 Nd7 33. Qg4 Qa1+ 34. Bf1 Kh8 35.
Ne3 Nf6 36. Qf5 Bd4 37. e5 Ng8 38. d6 Qc1 39. d7 Bxe3 40. e6 Qd2 0-1